Statistics for WWE Royal Rumble 2013 Entrants Quiz

Click here to take the quiz!

General Stats

  • This quiz has been taken 100 times
  • The average score is 19 of 30

Answer Stats

EN Answer EL % Correct
19John CenaW
94%
2Chris Jericho25
87%
1Dolph Ziggler27
87%
24Kane15
86%
28The Miz24
81%
26Randy Orton26
81%
4Kofi Kingston9
80%
3Cody Rhodes12
80%
11Sheamus28
79%
30Ryback29
77%
21Daniel Bryan16
76%
8Goldust5
71%
22Antonio Cesaro18
67%
18Wade Barrett20
64%
14Rey Mysterio13
61%
10Heath Slater11
59%
29Sin Cara23
56%
27Jinder Mahal19
53%
6Drew McIntyre2
51%
5Santino Marella1
50%
25Zack Ryder17
49%
12Tensai7
47%
13Brodus Clay6
46%
23The Great Khali14
46%
20Damien Sandow22
44%
7Titus O'Neil3
43%
16Bo Dallas21
40%
15Darren Young8
39%
9David Otunga4
33%
17The Godfather10
30%

Score Distribution

Percentile by Number Answered

Percent of People with Each Score

Your Score History

You have not taken this quiz